[Event "YUG-ch op"]
[Site "Nis"]
[Date "1996.??.??"]
[Round "1"]
[White "Arsovic, Zoran"]
[Black "Roganovic, Milan"]
[Result "1-0"]
[WhiteElo "2460"]
[BlackElo "2180"]
[PlyCount "58"]
[EventDate "1996.??.??"]
[EventType "swiss"]
[EventRounds "10"]
[EventCountry "YUG"]
[SourceTitle "EXT 1999"]
[Source "ChessBase"]
[SourceDate "1998.11.16"]
[SourceVersion "1"]
[SourceVersionDate "1998.11.16"]
[SourceQuality "1"]

1. Nf3 Nf6 2. c4 c5 3. g3 b6 4. Bg2 Bb7 5. 0-0 e6 6. Nc3 Be7 7. b3 0-0 8. Bb2 d5 9. e3 Nc6 10. Qe2 Qd7 11. Rfd1 Rad8 12. d4 Qc8 13. Rac1 cxd4 14. exd4 dxc4 15. bxc4 Qa8 16. d5 exd5 17. cxd5 Bc5 18. dxc6 Bxc6 19. Nh4 Rde8 20. Qc4 g5 21. Nd5 Nxd5 22. Nf5 Re6 23. Bxd5 Bxd5 24. Qxd5 Qxd5 25. Rxd5 Rfe8 26. Bd4 Bxd4 27. Nxd4 Re1+ 28. Rxe1 Rxe1+ 29. Kg2 Rd1 1-0